El Món de la seda i Catalunya / Jordi Andreu Sugranyes ... [et al.]
ISBN:
84-7794-125-4
Descripción Física:
322 p. . il. ; 24 cm
Otros Autores:
Sugranyes, Jordi Andreu
Materias:
Seda -- Indústria i comerç -- Catalunya
MARC
| LEADER | 00000nam a2200000Ia 4500 | ||
|---|---|---|---|
| 001 | 9229 | ||
| 008 | 160829s1991 xx 000 0 cat d | ||
| 020 | |a 84-7794-125-4 | ||
| 080 | |a C-1-196 | ||
| 245 | |a El Món de la seda i Catalunya / Jordi Andreu Sugranyes ... [et al.] | ||
| 260 | |a Terrassa : |b Museu Tèxtil, Diputació de Barcelona, |c 1991 | ||
| 300 | |a 322 p. . il. ; |c 24 cm | ||
| 650 | |a Seda |x Indústria i comerç |x Catalunya |9 39254 | ||
| 700 | |a Sugranyes, Jordi Andreu |9 39255 | ||
| 710 | 2 | |a Museu Tèxtil de Terrassa |9 54997 | |
| 901 | |a Arxiu | ||
| 942 | |n 1 | ||
| 952 | |0 0 |1 0 |4 0 |6 C1196 |7 1 |9 48893 |a Arxiu |b Arxiu |d 2016-12-01 |l 0 |o C-1-196 |p 9229 |r 2016-12-01 00:00:00 |w 2016-12-01 |y ARXIU | ||
| 999 | |c 52728 |d 52728 | ||